Analog & digital signal processing / (Record no. 944)

MARC details
000 -LEADER
fixed length control field 01053nac a22002411u 4500
010 ## - LIBRARY OF CONGRESS CONTROL NUMBER
LC control number 00054552
020 ## - INTERNATIONAL STANDARD BOOK NUMBER
International Standard Book Number 0471623547 (pbk. : alk. paper)
082 00 - DEWEY DECIMAL CLASSIFICATION NUMBER
Classification number 621.3822
Item number B1513
090 ## - LOCALLY ASSIGNED LC-TYPE CALL NUMBER (OCLC); LOCAL CALL NUMBER (OCLC)
-- 944
-- 944
100 ## - MAIN ENTRY--PERSONAL NAME
Personal name Baher, H.
245 10 - TITLE STATEMENT
Title Analog & digital signal processing /
Statement of responsibility, etc H. Baher.
246 30 - VARYING FORM OF TITLE
Title proper/short title Analog and digital signal processing
250 ## - EDITION STATEMENT
Edition statement 2nd ed.
260 ## - PUBLICATION, DISTRIBUTION, ETC. (IMPRINT)
Place of publication, distribution, etc Chichester ;
-- New York :
Name of publisher, distributor, etc J. Wiley,
Date of publication, distribution, etc c2001.
300 ## - PHYSICAL DESCRIPTION
Extent xxi, 497 p. :
Other physical details ill. ;
Dimensions 25 cm.
504 ## - BIBLIOGRAPHY, ETC. NOTE
Bibliography, etc Includes bibliographical references (p. 484-485) and index.
650 #0 - SUBJECT ADDED ENTRY--TOPICAL TERM
Topical term or geographic name as entry element Signal processing.
856 42 - ELECTRONIC LOCATION AND ACCESS
Materials specified Contributor biographical information
Uniform Resource Identifier <a href="http://www.loc.gov/catdir/bios/wiley042/00054552.html">http://www.loc.gov/catdir/bios/wiley042/00054552.html</a>
856 42 - ELECTRONIC LOCATION AND ACCESS
Materials specified Publisher description
Uniform Resource Identifier <a href="http://www.loc.gov/catdir/description/wiley034/00054552.html">http://www.loc.gov/catdir/description/wiley034/00054552.html</a>
856 42 - ELECTRONIC LOCATION AND ACCESS
Materials specified Table of Contents
Uniform Resource Identifier <a href="http://www.loc.gov/catdir/toc/onix05/00054552.html">http://www.loc.gov/catdir/toc/onix05/00054552.html</a>
942 ## - ADDED ENTRY ELEMENTS (KOHA)
Item type Book - Borrowing
Call number prefix 621.3822B1513
Holdings
Withdrawn status Item status Source of classification or shelving scheme Damaged status Not for loan Vendor Home library Current library Shelving location Date acquired Source of acquisition Cost, normal purchase price Total Checkouts Full call number Barcode Date last seen Date last borrowed Cost, replacement price Koha item type
    Dewey Decimal Classification       Central Library Central Library First floor 06/08/2010   195.00 2 621.3822 BAH 000003577 15/07/2025 12/10/2017 243.75 Book - Borrowing